000 01191nam a2200289Ia 4500
003 OSt
005 20221005111930.0
006 a|||||r|||| 00| 0
007 ta
008 221004b |||||||| |||| 00| 0 san d
020 _c500
024 _a56
037 _b426, 11/03/2013, Eastern Book Linkers
_cTextual
040 _aCRL
_cCRL
_bsan
041 _2san
_asan
082 _aDelta:864xDVA,5, 15P9
100 _aवराह मिहिर
245 0 _aपंचसिद्धान्तिका
246 _aPanchasiddhāntikā
260 _aवाराणसी
_bचौखम्बा सुरभारती प्रकाशन भारत
_c2009
300 _a279पृ0
_ccm.
490 _aचौखम्बा सुरभारती ग्रन्थमाला; 470
650 _aआध्यात्मिक अनुभव और रहस्यवाद
700 _a शर्मा, सत्यदेव, अनु.
942 _hDelta:864xDVA,5, 15P9
_cTEXL
_2cc
999 _c1023344
_d1023344